Statistics for Countries with a Prime Number of Letters

Click here to take the quiz!

General Stats

  • This quiz has been taken 23 times
    (21 since last reset)
  • The average score is 49 of 80

Answer Stats

Country % Correct
United Kingdom
90%
Japan
90%
Yemen
85%
Sudan
85%
China
85%
Ireland
85%
Spain
85%
Libya
85%
Egypt
80%
Albania
80%
India
80%
Iceland
80%
Ukraine
75%
Niger
75%
Andorra
75%
Algeria
75%
Denmark
75%
Uruguay
70%
Vietnam
70%
Italy
70%
Germany
70%
Finland
70%
Estonia
70%
Kenya
70%
Croatia
70%
Chile
70%
Haiti
65%
Bolivia
65%
Burkina Faso
65%
Tunisia
65%
Hungary
65%
Afghanistan
65%
South Africa
65%
Bahamas
65%
Austria
65%
Vatican City
65%
Switzerland
65%
Syria
60%
Qatar
60%
Belarus
60%
Belgium
60%
Romania
60%
Netherlands
60%
Nauru
60%
Namibia
60%
Samoa
60%
Tonga
60%
Liechtenstein
60%
Benin
60%
Liberia
60%
Bahrain
55%
Somalia
55%
Ecuador
55%
Lebanon
55%
Jamaica
55%
Palau
55%
Grenada
55%
Vanuatu
55%
Lesotho
55%
Trinidad and Tobago
50%
Antigua and Barbuda
50%
Eritrea
50%
Nepal
50%
Morocco
50%
Gabon
50%
Czech Republic
50%
Malta
50%
Burundi
50%
Nigeria
50%
Philippines
45%
Armenia
45%
Georgia
45%
Senegal
45%
Myanmar
40%
Moldova
40%
Comoros
40%
Ghana
40%
Saudi Arabia
35%
Dominican Republic
35%
Sierra Leone
25%

Score Distribution

Percentile by Number Answered

Percent of People with Each Score

Your Score History

You have not taken this quiz since the last reset